Central Library OPAC University of Rajshahi

Politics and philosophy : (Record no. 47794)

MARC details
000 -LEADER
fixed length control field 00883nam a2200265 a 4500
001 - CONTROL NUMBER
control field 47794
003 - CONTROL NUMBER IDENTIFIER
rucl marc code BD-RjUL
005 - DATE AND TIME OF LATEST TRANSACTION
control field 20211209054409.0
008 - FIXED-LENGTH DATA ELEMENTS--GENERAL INFORMATION
fixed length control field 160810s1991 enk b 001 0 eng
020 ## - INTERNATIONAL STANDARD BOOK NUMBER
International Standard Book Number 0631160744
International Standard Book Number 0631160752 (pbk.)
035 ## - SYSTEM CONTROL NUMBER
System control number (BD-RjUL)47913
040 ## - CATALOGING SOURCE
Original cataloging agency DLC
Transcribing agency DLC
Modifying agency UKM
-- MOI
-- BD-RjUL
Language of cataloging eng
041 ## - LANGUAGE CODE
Language code of text/sound track or separate title eng
082 04 - DEWEY DECIMAL CLASSIFICATION NUMBER
Classification number 320.01
Edition number 23
Author mark and year KLP 1991
100 1# - MAIN ENTRY--PERSONAL NAME
Personal name Kleinberg, Stanley S.
9 (RLIN) 145116
245 10 - TITLE STATEMENT
Title Politics and philosophy :
Remainder of title the necessity and limitations of rational argument /
Statement of responsibility, etc. Stanley S. Kleinberg.
260 ## - PUBLICATION, DISTRIBUTION, ETC. (IMPRINT)
Place of publication, distribution, etc. Oxford, UK ;
-- Cambridge, Mass., USA :
Name of publisher, distributor, etc. B. Blackwell,
Date of publication, distribution, etc. c1991.
300 ## - PHYSICAL DESCRIPTION
Pagination vi, 213 p. ;
Size 23 cm.
504 ## - BIBLIOGRAPHY, ETC. NOTE
Bibliography, etc Includes bibliographical references and index.
650 #0 - SUBJECT ADDED ENTRY--TOPICAL TERM
Topical term or geographic name as entry element Political science
General subdivision Philosophy.
9 (RLIN) 145118
653 ## - INDEX TERM--UNCONTROLLED
Uncontrolled term Politics
-- Philosophy
942 ## - ADDED ENTRY ELEMENTS (KOHA)
Source of classification or shelving scheme Dewey Decimal Classification
Koha item type Books
Holdings
Lost status Source of classification or shelving scheme Damaged status Not for loan Collection code Permanent Location Current Location Shelving location Date acquired Source of acquisition Cost, normal purchase price Total Checkouts Full call number Date last seen Copy number Koha item type
  Dewey Decimal Classification     Non-fiction Central Library, University of Rajshahi Central Library, University of Rajshahi   02/05/2006 dhaka pragon enterprise 34.13   320.01 KLP 1991 10/08/2016 C-2 Books
  Dewey Decimal Classification   Not For Loan Non-fiction Central Library, University of Rajshahi Central Library, University of Rajshahi Reading Room 02/05/2006 Dhaka, Paragon Enterprises Ltd. 34.13   320.01 KLP 1991 15/12/2016 C-1 Books